Responses for Show #8754 - Thursday, December 1, 2022

Cris Pannullo game 19.

Contestants

[<< previous game]

Jeri Zulli, an English professor from East Setauket, New York

Rob Lamanna, a product manager from Whitby, Ontario, Canada

Cris Pannullo, a customer success operations manager from Ocean City, New Jersey (whose 18-day cash winnings total $637,923)

[next game >>]

Jeopardy! Round responses

REMEMBERING OLIVIA NEWTON-JOHN
NICKNAME'S THE SAME
GEOGRAPHY
DOCTOR-ING UP LITERATURE
1, 2 & 3
DOLLARS TO DONUTS
(Ken: Each correct response will come between those two words in the dictionary.)
    $200 25
(Cris: What is cancer?)
(Ken: More specifically?)

breast cancer

Cris
    $200 30
Butch

Cris
    $200 29
the Netherlands

Cris
    $200 5
Jekyll

Cris
    $200 28
healthy, wealthy & wise

Cris
    $200 27
domain

Rob
    $400 22
Australia

Cris
    $400 26
Kit

Cris
    $400 20
Belize & Guatemala

Cris
    $400 24
Watson

Cris
    $400 21
judge, jury & executioner

Cris
    $400 23
dolt

Jeri
    $600 18
Grease

Cris
    $600 17
Lefty

Rob
    $600 14
Sichuan

Rob
    $600 19
Isles

Cris
    $600 16
Crosby, Stills & Nash

Triple Stumper
    $600 15
a dollop

Rob
    $800 9
"Physical"

Cris
    $800 7
"The Body"

Cris
    $800 13
the Trans-Canada Highway

Cris
    $2,200 6
(Doctor) Dolittle

Cris
    $800 10
red, white & blue

Rob
    $800 12
domestic

Cris
    $1000 11
Gene Kelly

Triple Stumper
    $1000 4
Lucky

Jeri
    $1000 3
Botswana

Cris
    $1000 2
Marlowe

Cris
    $1000 1
Tom, Dick & Harry

Triple Stumper
    $1000 8
a dongle

Rob

Scores at the first commercial break (after clue 15):

Cris Rob Jeri
$7,600 $3,000 $1,000

Scores at the end of the Jeopardy! Round:

Cris Rob Jeri
$11,600 $3,800 $1,400

Double Jeopardy! Round responses

BIBLICAL DEMONS, DEVILS & SPIRITS
ROLE IN COMMON
(Ken: We'll give you one actor on TV and one in the movies; you'll have to name the role in common.)
WORLD MUSEUMS
HIT THE SAUCE
EVERY MAN A KING
CONTRACTIONS
    $400 26
Lucifer

Cris
    $400 30
Batman

Jeri
    $400 29
torches

Cris
    $400 28
tartar sauce

Cris
    $400 27
Kamehameha

Cris
    $400 22
(Ken: This meme also new to me, [*] get this bread.)

let's

Triple Stumper
    $800 23
Paul

Cris
    $800 25
(Mr.) Sulu

Cris
    $800 1
Florence

Cris
    $800 24
A.1.

Cris
    $800 18
(Rob: What is Saudi Arabia?)

Morocco

Rob
Triple Stumper
    $1,700 21
(Rob: Thank you, Jeri. Thank you.)
(Ken: At least you kept Cris from finding it.)
...
(Ken: "[*] the night before Christmas", yes.)

'Twas

Jeri
    $4,400 10
Judas Iscariot

Rob
    $1200 8
(Ken: From Miami Vice.)

Sonny Crockett

Rob
    $1200 3
(Ken: The [*] II, named for [*].)

Ra

Triple Stumper
    $1200 12
marinara

Cris
    $1200 15
Charles

Cris
    $1200 9
you shouldn't've

Triple Stumper
    $1600 5
Mary Magdalene

Rob
    $1600 6
(Jeri: What is Fantasy Island?)

Mr. Roarke

RobJeri
    $1600 2
(Rob: What is Brazil?)

Uruguay

CrisRob
    $1600 13
sriracha

Cris
    $1600 14
Henry IV

Cris
    $1600 17
(Ken: It's also "My Country, [*] Of Thee".)

'tis

Triple Stumper
    $2000 11
Legion

Triple Stumper
    $2000 7
Boss Hogg

Rob
    $2000 4
(Ken: Capital of Senegal.)

Dakar

Cris
    $2000 19
chimichurri

Rob
    $2000 16
Greece

Cris
    $2000 20
'twixt

Jeri

Scores at the end of the Double Jeopardy! Round:

Cris Rob Jeri
$27,600 $14,200 $3,900

[wagering suggestions for these scores]

Final Jeopardy! Round responses

LANGUAGE & ITS MEANINGS
(Ken: [To Rob] Yes, "The dove sleeps fast that this [*] will catch".)
JeriWhat is sleepwalking?
$100
RobWhat is a night owl?
$12,600
CrisWhat is night owl
$1,221
a night owl

Final scores:

Cris Rob Jeri
$28,821 $26,800 $3,800
19-day champion: $666,744 2nd place: $2,000 3rd place: $1,000

Game dynamics:

Coryat scores:

Cris Rob Jeri
$26,200 $11,000 $3,000
34 R
(including 1 DD),
0 W
12 R
(including 1 DD),
2 W
5 R
(including 1 DD),
1 W

Combined Coryat: $40,200

[game clues] [game scores] [suggest correction]

Game tape date: 2022-10-11
The J! Archive is created by fans, for fans. Scraping, republication, monetization, and malicious use prohibited; this site may use cookies and collect identifying information. See terms. The Jeopardy! game show and all elements thereof, including but not limited to copyright and trademark thereto, are the property of Jeopardy Productions, Inc. and are protected under law. This website is not affiliated with, sponsored by, or operated by Jeopardy Productions, Inc. Join the discussion at JBoard.tv.